00608nam a2200133Ia 4500008004100000100002300041245012800064245012700192260005300319260001800372300000800390650001500398856006100413170221s9999 xx 000 0 und d aDmitry V. Shkurkin aFormation and Development of the Integrated Marketing Communications in the Activities of Production and Trade Enterprises  cDmitry V. Shkurkin, Irina N. Mayatskaya, Oksana V. Nikonova, Vladimir S. Novikov, Irina S. Vasilyeva, Svetlana G. Karepova bInternational Review of Management and Marketing cNovember 2014 a3:4 xMarketing. uhttp://www.econjournals.com/index.php/irmm/issue/view/70